[Event "Stuttgarter Stadtmeisterschaft B-Turnier"]
[Site "Ditzingen"]
[Date "2009.05.21"]
[Round "2.52"]
[White "Hartmann, Anatoli"]
[Black "Gibicar, Miran"]
[Result "0-1"]
[WhiteElo "1642"]
[BlackElo "1438"]
[PlyCount "144"]
[EventDate "2009.??.??"]

1. d4 Nf6 2. Bf4 h6 3. e3 d6 4. Nc3 g6 5. Nf3 Bg7 6. Bd3 Nh5 7. Bg3 Nxg3 8.
hxg3 b6 9. Qe2 a5 10. Nh4 Ba6 11. Qf3 Bxd3 12. Qxa8 Bxc2 13. Qb7 c6 14. Rc1 Bd3
15. Na4 b5 16. Nb6 O-O 17. Rc3 Bf5 18. Nxf5 gxf5 19. Rd3 e5 20. dxe5 Bxe5 21.
Rxh6 Qg5 22. Rh3 Bxb2 23. Rxd6 Bc3+ 24. Ke2 Qg4+ 25. f3 Qb4 26. Rd1 Qb2+ 27.
Kf1 Qc2 28. Re1 Qd2 29. Re2 Qd1+ 30. Kf2 Rd8 31. Rh7 Bg7 32. Rxg7+ Kxg7 33. Nc8
Nd7 34. Qxc6 Ne5 35. Qc3 Kg6 36. Rd2 Rxc8 37. Rd6+ Qxd6 38. Qxc8 Qd2+ 39. Kg1
Qxe3+ 40. Kh1 Qh6+ 41. Kg1 Qe3+ 42. Kh1 Qh6+ 43. Kg1 Qg7 44. Qa6+ Qf6 45. Qxb5
Nc6 46. a4 Qd6 47. Kh2 f4 48. g4 f6 49. Qf5+ Kg7 50. g5 fxg5 51. Qxg5+ Qg6 52.
Qb5 Kh6 53. Qc5 Qh5+ 54. Qxh5+ Kxh5 55. g3 Ne5 56. gxf4 Nd3 57. Kg2 Nb2 58. Kf2
Nxa4 59. Ke2 Nb6 60. Kd2 a4 61. Kc2 Kg6 62. Kb2 Kf5 63. Ka3 Kxf4 64. Kb4 Kxf3
65. Ka3 Ke3 66. Ka2 Kd3 67. Kb2 Kc4 68. Ka3 Kc3 69. Ka2 Nc4 70. Ka1 Kb3 71. Kb1
Na3+ 72. Ka1 Nc2+ 0-1

[Event "Stuttgarter Stadtmeisterschaft B-Turnier"]
[Site "Ditzingen"]
[Date "2009.05.21"]
[Round "2.53"]
[White "Reiß, Michael"]
[Black "Riepert, Steffen"]
[Result "1/2-1/2"]
[WhiteElo "1358"]
[BlackElo "1641"]
[PlyCount "134"]
[EventDate "2009.??.??"]

1. e4 e6 2. d4 d5 3. exd5 exd5 4. Nf3 Bg4 5. Bd3 Nf6 6. Bg5 Nc6 7. c3 Be7 8.
Nbd2 O-O 9. O-O Qd7 10. Qc2 h6 11. Bh4 Nh5 12. Bxe7 Nxe7 13. Ne5 Qc8 14. Rfe1
Nc6 15. Nxc6 bxc6 16. Re5 Nf6 17. Rae1 Nd7 18. Re7 Be6 19. Bf5 Qd8 20. R1xe6
fxe6 21. Bxe6+ Kh8 22. Rxd7 Qf6 23. Nf3 Qxe6 24. Ne5 Rae8 25. g3 Rf6 26. Rxc7
Rc8 27. Rxa7 c5 28. Qb3 Qf5 29. f4 cxd4 30. Qb7 Rg8 31. cxd4 Qb1+ 32. Kg2 Qe4+
33. Kh3 Qxd4 34. b4 Rf5 35. Ng6+ Kh7 36. Nh4 Rff8 37. b5 Rb8 38. Qd7 Qe4 39. a4
d4 40. Nf5 Rbd8 41. Qf7 Rdf8 42. Qc7 Qxf5+ 43. Kh4 d3 44. Qc3 Qf6+ 45. Qxf6
Rxf6 46. Rd7 Ra8 47. Rxd3 Rxa4 48. Rb3 Rb6 49. g4 Ra5 50. h3 Raxb5 51. Rf3 Rb3
52. Rf2 Rd3 53. f5 Rbb3 54. Rh2 Rf3 55. Rh1 g6 56. fxg6+ Kxg6 57. Rh2 Rf4 58.
Re2 Rb6 59. Re3 Rbf6 60. Re5 Rf1 61. Re4 R6f3 62. Re6+ Kg7 63. Re7+ Kf6 64. Rd7
Rh1 65. Rd6+ Ke5 66. Rxh6 Rfxh3+ 67. Kg5 Rxh6 1/2-1/2

[Event "Stuttgarter Stadtmeisterschaft B-Turnier"]
[Site "Ditzingen"]
[Date "2009.05.21"]
[Round "2.54"]
[White "Klett, Hartmut"]
[Black "Grözinger, Werner"]
[Result "1-0"]
[WhiteElo "1638"]
[BlackElo "1379"]
[PlyCount "73"]
[EventDate "2009.??.??"]

1. d4 d5 2. Nf3 Nf6 3. e3 e6 4. Bd3 g6 5. Nbd2 Bg7 6. O-O O-O 7. c3 b6 8. e4
dxe4 9. Nxe4 Bb7 10. Ng3 Nbd7 11. Re1 a5 12. h4 h5 13. Bg5 Kh7 14. Nxh5 Qc8 15.
Nxf6+ Bxf6 16. Bxf6 Nxf6 17. Ne5 Kg7 18. Qc2 Qe8 19. Re3 Nd5 20. Rg3 Nf4 21.
Bxg6 fxg6 22. Nxg6 Nxg6 23. h5 Rf6 24. Qe2 Qf7 25. Qe5 Kh7 26. hxg6+ Rxg6 27.
Qh5+ Kg7 28. Qe5+ Kg8 29. Re1 Re8 30. Ree3 Rxg3 31. Rxg3+ Kf8 32. Rh3 Rc8 33.
Rh6 Ke7 34. c4 c5 35. d5 Rg8 36. Qc7+ Kf8 37. Qe5 1-0

[Event "Stuttgarter Stadtmeisterschaft B-Turnier"]
[Site "Ditzingen"]
[Date "2009.05.21"]
[Round "2.55"]
[White "Langer, Helmut"]
[Black "Wendland, Tobias"]
[Result "0-1"]
[WhiteElo "1338"]
[BlackElo "1622"]
[PlyCount "78"]
[EventDate "2009.??.??"]

1. e4 e6 2. Nc3 Nf6 3. Nf3 d5 4. exd5 exd5 5. h3 c5 6. Bb5+ Nc6 7. d4 Qb6 8.
Bg5 a6 9. Bxf6 gxf6 10. Ba4 Qxb2 11. Nxd5 Bd6 12. dxc5 Be5 13. O-O O-O 14. Bxc6
bxc6 15. Ne7+ Kh8 16. Nxc6 Bf5 17. Re1 Bxc2 18. Qc1 Bc3 19. Qf4 Bxe1 20. Nfe5
Rae8 21. Qxf6+ Kg8 22. Rxe1 Qxa2 23. Re3 Qe6 24. Rg3+ Bg6 25. Ng4 h5 26. Qxe6
Rxe6 27. Nge5 Rc8 28. Nxg6 fxg6 29. Nd4 Rf6 30. Rc3 Rd8 31. c6 Rc8 32. g3 Rd6
33. Rd3 Rcxc6 34. Nxc6 Rxd3 35. Nb4 Rd1+ 36. Kg2 a5 37. Na2 a4 38. Nc3 a3 39.
Na2 Rd2 0-1

[Event "Stuttgarter Stadtmeisterschaft B-Turnier"]
[Site "Ditzingen"]
[Date "2009.05.21"]
[Round "2.57"]
[White "Häfele, Torsten"]
[Black "Sievers, Gerda"]
[Result "1/2-1/2"]
[WhiteElo "1586"]
[BlackElo "1232"]
[PlyCount "60"]
[EventDate "2009.??.??"]

1. e4 c5 2. Nf3 d6 3. d4 cxd4 4. Nxd4 Nf6 5. Nc3 g6 6. Be3 Bg7 7. Qd2 O-O 8. f3
Nc6 9. O-O-O Bd7 10. Be2 a6 11. g4 Rc8 12. h4 Ne5 13. h5 Nc4 14. Bxc4 Rxc4 15.
Bh6 Rxd4 16. Qxd4 Bxh6+ 17. Kb1 Bg7 18. hxg6 fxg6 19. Qd3 Be8 20. e5 Nd7 21.
Qd5+ Kh8 22. exd6 Nf6 23. Qe6 exd6 24. Rxd6 Qb8 25. Rhd1 Bf7 26. Qe7 Ng8 27.
Qe4 Nf6 28. Qe7 Ng8 29. Qe4 Nf6 30. Qe7 Ng8 1/2-1/2

[Event "Stuttgarter Stadtmeisterschaft B-Turnier"]
[Site "Ditzingen"]
[Date "2009.05.21"]
[Round "3.1"]
[White "Pocrnic, Josip"]
[Black "Felser, Martin"]
[Result "1-0"]
[WhiteElo "1823"]
[BlackElo "1894"]
[PlyCount "138"]
[EventDate "2009.??.??"]

1. e4 c6 2. d4 d5 3. Nc3 dxe4 4. Nxe4 Nd7 5. Bc4 e6 6. Nf3 Ngf6 7. Bg5 h6 8.
Nxf6+ Nxf6 9. Bxf6 Qxf6 10. O-O Bd6 11. Re1 b5 12. Bb3 O-O 13. a4 Bb7 14. Qe2
a6 15. Ne5 Bxe5 16. Qxe5 Qxe5 17. Rxe5 Rfd8 18. c3 Rd6 19. Rc5 Kf8 20. f4 g6
21. Kf2 Kg7 22. Ke3 Kf6 23. h4 h5 24. g3 Rd7 25. a5 Rad8 26. Rd1 Rd6 27. Ba2
Rb8 28. b4 Rbd8 29. Re1 R6d7 30. Kf3 Rd6 31. Ree5 Rh8 32. g4 hxg4+ 33. Kxg4
Rdd8 34. h5 Rdg8 35. hxg6 Rxg6+ 36. Rg5 Rhg8 37. Rce5 Rxg5+ 38. fxg5+ Ke7 39.
Kf4 Bc8 40. Bb1 Rh8 41. Be4 Rh2 42. Bxc6 f6 43. gxf6+ Kxf6 44. Rc5 Rh4+ 45. Kg3
Rh8 46. Bf3 Ke7 47. Bg4 Bd7 48. Bf3 Rg8+ 49. Kf4 Rf8+ 50. Ke3 Bc8 51. Bb7 Bxb7
52. Rc7+ Kd6 53. Rxb7 Ra8 54. Ke4 Rc8 55. Kd3 Ra8 56. Rb6+ Kd5 57. Kd2 Ra7 58.
Kc2 Ra8 59. Kb3 Ra7 60. Rb8 Rc7 61. Rd8+ Kc6 62. Ra8 Kb7 63. Re8 Rc6 64. Re7+
Kc8 65. Kc2 Kb8 66. Kd3 Kc8 67. Rh7 Kb8 68. Rh5 Kb7 69. Re5 Rd6 1-0

[Event "Stuttgarter Stadtmeisterschaft B-Turnier"]
[Site "Ditzingen"]
[Date "2009.05.21"]
[Round "3.2"]
[White "Lutz, Herbert"]
[Black "Fuss, Thomas"]
[Result "1-0"]
[WhiteElo "1893"]
[BlackElo "1819"]
[PlyCount "139"]
[EventDate "2009.??.??"]

1. d4 Nf6 2. Nf3 e6 3. g3 b6 4. Bg2 Bb7 5. O-O c5 6. c3 Be7 7. Nbd2 O-O 8. Re1
d5 9. Ne5 Nc6 10. Nxc6 Bxc6 11. dxc5 Bxc5 12. Nb3 Be7 13. Nd4 Bb7 14. Bf4 Rc8
15. a4 a6 16. Bh3 Re8 17. Qb3 Bc5 18. Be3 Rc7 19. a5 b5 20. Nc2 Qe7 21. Bxc5
Qxc5 22. e3 Ne4 23. Red1 Nd6 24. Qb4 Nc4 25. Qxc5 Rxc5 26. Ra2 Ne5 27. Nd4 Rc7
28. Bf1 Rec8 29. Be2 Nc4 30. Kf1 e5 31. Nc2 d4 32. Bxc4 Rxc4 33. exd4 exd4 34.
Rxd4 Rxd4 35. Nxd4 b4 36. Nf5 Rc5 37. Ne3 Bf3 38. c4 f5 39. h4 h6 40. b3 g5 41.
hxg5 hxg5 42. Nc2 Rc7 43. Nd4 Be4 44. Ne6 Bd3+ 45. Kg2 Re7 46. Nc5 Be4+ 47.
Nxe4 Rxe4 48. Ra4 Re5 49. f4 gxf4 50. gxf4 Rc5 51. Kf3 Kf7 52. Ke3 Ke6 53. Rxb4
Rxa5 54. Rb6+ Ke7 55. Kd4 Ra1 56. b4 a5 57. b5 a4 58. Ke5 Rc1 59. Rb7+ Kd8 60.
Kd5 a3 61. Ra7 Rc3 62. c5 Rb3 63. Kc6 Rh3 64. b6 Rh6+ 65. Kb5 Rh3 66. c6 Rb3+
67. Kc5 Rc3+ 68. Kd6 Rd3+ 69. Ke6 Rc3 70. Ra8# 1-0

[Event "Stuttgarter Stadtmeisterschaft B-Turnier"]
[Site "Ditzingen"]
[Date "2009.05.21"]
[Round "3.3"]
[White "Riegel, Frank"]
[Black "Zuferi, Enis"]
[Result "1/2-1/2"]
[WhiteElo "1811"]
[BlackElo "1888"]
[PlyCount "110"]
[EventDate "2009.??.??"]

1. e4 c5 2. c4 Nc6 3. Nc3 g6 4. g3 Bg7 5. Bg2 d6 6. d3 Nf6 7. Nge2 O-O 8. O-O
e5 9. f4 Nd4 10. h3 h5 11. Nxd4 cxd4 12. Ne2 a6 13. f5 b5 14. b3 Rb8 15. cxb5
axb5 16. Bg5 gxf5 17. exf5 Qb6 18. Qd2 Kh7 19. Bf3 h4 20. Bxh4 e4 21. Bxf6 e3
22. Bxg7 exd2 23. Bxf8 Bxf5 24. Bd5 Bg6 25. Bxf7 Bxf7 26. Rxf7+ Kg8 27. Raf1
d1=Q 28. Rg7+ Kh8 29. Rxd1 Rxf8 30. Rg4 Rf7 31. Rf1 Rxf1+ 32. Kxf1 Qb7 33. Rh4+
Kg8 34. Rg4+ Kf7 35. Rf4+ Ke8 36. Re4+ Kd8 37. Kf2 Qf7+ 38. Nf4 Qa7 39. Ne6+
Kd7 40. a4 bxa4 41. bxa4 Qxa4 42. Nxd4 Qa1 43. h4 Qh1 44. Nf5 Qh2+ 45. Kf3 Qh1+
46. Kf4 Qf1+ 47. Kg5 Qxd3 48. Rd4 Qc3 49. Rxd6+ Ke8 50. h5 Kf8 51. h6 Kg8 52.
Rc6 Qc5 53. Rg6+ Kh7 54. Rg7+ Kh8 55. h7 Qxf5+ 1/2-1/2

[Event "Stuttgarter Stadtmeisterschaft B-Turnier"]
[Site "Ditzingen"]
[Date "2009.05.21"]
[Round "3.4"]
[White "Faerber, Eric"]
[Black "Liebetruth, Jimmy"]
[Result "1-0"]
[WhiteElo "1881"]
[BlackElo "1788"]
[PlyCount "89"]
[EventDate "2009.??.??"]

1. e4 e6 2. d4 d5 3. Nd2 c5 4. exd5 exd5 5. Ngf3 Nc6 6. Bb5 Qe7+ 7. Qe2 Qxe2+
8. Kxe2 a6 9. Bxc6+ bxc6 10. dxc5 Bxc5 11. c4 Nf6 12. cxd5 cxd5 13. Nb3 Ba7 14.
Be3 Bxe3 15. Kxe3 O-O 16. Ne5 Re8 17. Kd4 Rb8 18. Rhe1 Bf5 19. Nc6 Rb7 20.
Rxe8+ Nxe8 21. Nc5 Rc7 22. Re1 Kf8 23. Kxd5 Be6+ 24. Rxe6 fxe6+ 25. Nxe6+ Kf7
26. Nxc7 Nxc7+ 27. Kc5 Ne6+ 28. Kb6 Nf4 29. b4 Nxg2 30. Kxa6 Nf4 31. b5 Ne6 32.
b6 Nc5+ 33. Ka7 Ke6 34. b7 Nd7 35. b8=Q Nxb8 36. Kxb8 Kd5 37. Kb7 Ke4 38. a4 g5
39. a5 Kf3 40. a6 Kxf2 41. a7 Kg2 42. a8=Q Kxh2 43. Qg8 h6 44. Qg6 g4 45. Qxg4
1-0

[Event "Stuttgarter Stadtmeisterschaft B-Turnier"]
[Site "Ditzingen"]
[Date "2009.05.21"]
[Round "3.5"]
[White "Baelz, Juergen"]
[Black "Lerner, Jürgen"]
[Result "1/2-1/2"]
[WhiteElo "1776"]
[BlackElo "1874"]
[PlyCount "38"]
[EventDate "2009.??.??"]

1. Nf3 Nf6 2. c4 g6 3. b4 Bg7 4. Bb2 O-O 5. g3 d6 6. Bg2 e5 7. d3 c6 8. O-O
Nbd7 9. Qc2 Nh5 10. Nc3 f5 11. e3 Ndf6 12. b5 Bd7 13. a4 Qc7 14. Rac1 Rac8 15.
Qb3 Be6 16. Ng5 Bd7 17. Ne2 h6 18. c5+ d5 19. Nf3 Rfe8 1/2-1/2

[Event "Stuttgarter Stadtmeisterschaft B-Turnier"]
[Site "Ditzingen"]
[Date "2009.05.21"]
[Round "3.6"]
[White "Heiler, Karl"]
[Black "Schnorr, Christian"]
[Result "1/2-1/2"]
[WhiteElo "1860"]
[BlackElo "1766"]
[PlyCount "89"]
[EventDate "2009.??.??"]

1. e4 c5 2. c3 d5 3. exd5 Qxd5 4. d4 Nc6 5. Nf3 cxd4 6. cxd4 e5 7. dxe5 Qxd1+
8. Kxd1 Bg4 9. Bf4 O-O-O+ 10. Nbd2 Bxf3+ 11. gxf3 Rd4 12. Bh3+ Kd8 13. Bg3 Bb4
14. a3 Bxd2 15. Ke2 Bg5 16. Rhd1 Ke8 17. b4 a6 18. Bc8 Rxd1 19. Rxd1 Nd8 20. f4
Be7 21. f5 h5 22. e6 fxe6 23. fxe6 Rh6 24. Rc1 a5 25. Bd7+ Kf8 26. Rc8 Nf6 27.
Bc7 axb4 28. axb4 g5 29. Bxd8 Bxd8 30. Rxd8+ Ke7 31. Rb8 Nxd7 32. exd7 Re6+ 33.
Kf3 Rf6+ 34. Ke3 Re6+ 35. Kf3 Rf6+ 36. Kg3 Kxd7 37. Rxb7+ Kc6 38. Rb8 Rf5 39.
f3 Rf4 40. b5+ Kc7 41. Rg8 h4+ 42. Kg2 Rf5 43. Kh3 Rxf3+ 44. Kg4 Rf2 45. Rxg5
1/2-1/2

[Event "Stuttgarter Stadtmeisterschaft B-Turnier"]
[Site "Ditzingen"]
[Date "2009.05.21"]
[Round "3.7"]
[White "Reichardt, Bernd"]
[Black "Huynh, Nhi Lang"]
[Result "1/2-1/2"]
[WhiteElo "1729"]
[BlackElo "1841"]
[PlyCount "87"]
[EventDate "2009.??.??"]

1. e4 c5 2. Nf3 Nc6 3. d4 cxd4 4. Nxd4 Nf6 5. Nc3 e5 6. Nb3 a6 7. Be2 d6 8. O-O
b5 9. Bg5 Be7 10. Bxf6 Bxf6 11. Nd5 Be6 12. c3 Bg5 13. f4 exf4 14. Nxf4 Bxf4
15. Rxf4 O-O 16. Nd4 Qg5 17. g3 Nxd4 18. Qxd4 Qe5 19. a4 Rab8 20. axb5 axb5 21.
Rf2 Rfc8 22. Rd1 b4 23. cxb4 Rc2 24. Qxd6 Qxd6 25. Rxd6 Rxb2 26. b5 Bh3 27. Bd3
Rb4 28. Rd2 g6 29. Kf2 Be6 30. Rc2 Kg7 31. h4 h5 32. Ke3 Kf6 33. Rdc6 Rb3 34.
R6c5 Bd7 35. R2c3 Rb4 36. e5+ Kg7 37. Rc7 Bxb5 38. e6 Re8 39. Rxf7+ Kg8 40. Rf6
Bxd3 41. Rxd3 Kg7 42. Rf7+ Kg8 43. Rf6 Kg7 44. Rf7+ 1/2-1/2

[Event "Stuttgarter Stadtmeisterschaft B-Turnier"]
[Site "Ditzingen"]
[Date "2009.05.21"]
[Round "3.8"]
[White "Gibicar, Danijel"]
[Black "Hamm, Lukas"]
[Result "0-1"]
[WhiteElo "1829"]
[BlackElo "1655"]
[PlyCount "64"]
[EventDate "2009.??.??"]

1. d4 d5 2. Nf3 Nf6 3. e3 e6 4. Bd3 Nbd7 5. Nbd2 Bd6 6. O-O O-O 7. e4 dxe4 8.
Nxe4 Nxe4 9. Bxe4 Nf6 10. Bd3 b6 11. b3 Bb7 12. Bb2 Nd5 13. Re1 Bb4 14. Re5 Bd6
15. Re1 Bb4 16. Re5 Bd6 17. Rh5 g6 18. Rh4 Nf4 19. g3 Nxd3 20. Qxd3 Qf6 21. Ne5
Rad8 22. Ng4 Qg5 23. f4 Bxf4 24. Nh6+ Qxh6 25. Rxh6 Bxh6 26. Rd1 Bg7 27. Qe3
Rd7 28. Ba3 Rfd8 29. d5 Rxd5 30. Rxd5 Rxd5 31. Qf4 Bd4+ 32. Kf1 Rf5 0-1

[Event "Stuttgarter Stadtmeisterschaft B-Turnier"]
[Site "Ditzingen"]
[Date "2009.05.21"]
[Round "3.9"]
[White "Klaus, Michael"]
[Black "Hengster, Wolfgang"]
[Result "1-0"]
[WhiteElo "1897"]
[BlackElo "1628"]
[PlyCount "41"]
[EventDate "2009.??.??"]

1. d4 Nf6 2. c4 g6 3. Nc3 Bg7 4. Bf4 d6 5. e4 O-O 6. Bd3 c6 7. Nge2 Nbd7 8. Bg5
e5 9. d5 c5 10. O-O a6 11. a3 h6 12. Bd2 Rb8 13. b4 Re8 14. Qc1 Kh7 15. Rb1 Qe7
16. Bc2 cxb4 17. axb4 b5 18. cxb5 axb5 19. Bd3 Ba6 20. Ra1 Rb6 21. Be3 1-0

[Event "Stuttgarter Stadtmeisterschaft B-Turnier"]
[Site "Ditzingen"]
[Date "2009.05.21"]
[Round "3.10"]
[White "Steiert, Roland"]
[Black "Lörincz, Benjamin"]
[Result "1-0"]
[WhiteElo "1735"]
[BlackElo "1898"]
[PlyCount "47"]
[EventDate "2009.??.??"]

1. d4 d5 2. e4 dxe4 3. Nc3 Nf6 4. f3 c5 5. d5 exf3 6. Nxf3 a6 7. a4 Nbd7 8. Bc4
Nb6 9. Ba2 Bd7 10. O-O Nxa4 11. Nxa4 Bxa4 12. Re1 Bd7 13. Ne5 g6 14. Nc4 Bg7
15. Nd6+ Kf8 16. Nc4 b5 17. d6 e6 18. Ne5 Nd5 19. Bxd5 exd5 20. Qxd5 Be6 21.
Qf3 Bxe5 22. Rxe5 Qxd6 23. Bh6+ Ke8 24. Qxa8+ 1-0

[Event "Stuttgarter Stadtmeisterschaft B-Turnier"]
[Site "Ditzingen"]
[Date "2009.05.21"]
[Round "3.11"]
[White "Zimmermann, Tobias"]
[Black "Kvetny, Mark"]
[Result "1/2-1/2"]
[WhiteElo "1729"]
[BlackElo "1858"]
[PlyCount "106"]
[EventDate "2009.??.??"]

1. e4 c5 2. Nf3 d6 3. d4 cxd4 4. Nxd4 Nf6 5. Nc3 a6 6. Be2 e5 7. Nb3 b5 8. Bg5
Nbd7 9. Nd5 Bb7 10. c4 Qb8 11. Qc2 Nxd5 12. cxd5 Be7 13. Be3 O-O 14. O-O f5 15.
f3 Qd8 16. Rac1 f4 17. Bf2 Rc8 18. Qd2 Bh4 19. Bxh4 Qxh4 20. Na5 Qd8 21. Kh1
Qb6 22. b4 Ba8 23. Rc3 Nf6 24. Qc2 Rxc3 25. Qxc3 Nh5 26. Rc1 Qf2 27. Qd2 Ng3+
28. hxg3 Rf6 29. Rc8+ Kf7 30. Rc7+ Kf8 31. Rc8+ Ke7 32. Rc7+ Kd8 33. Rd7+ Ke8
34. Rxd6 fxg3 35. Rxf6 gxf6 36. d6 f5 37. d7+ Kd8 38. Qg5+ Kxd7 39. Qxf5+ Kd6
40. Qf6+ Kd7 41. Qg7+ Ke6 42. Qh6+ Ke7 43. Qxh7+ Kd8 44. Qh8+ Kd7 45. Qg7+ Kc8
46. Qf8+ Kd7 47. Qf7+ Kd8 48. Qf6+ Kd7 49. Qg7+ Kc8 50. Qf8+ Kd7 51. Qf5+ Kd6
52. Qg6+ Kd7 53. Qf7+ Kd8 1/2-1/2

[Event "Stuttgarter Stadtmeisterschaft B-Turnier"]
[Site "Ditzingen"]
[Date "2009.05.21"]
[Round "3.12"]
[White "Ellinger, Harald"]
[Black "Maisch, Julian"]
[Result "1/2-1/2"]
[WhiteElo "1854"]
[BlackElo "1757"]
[PlyCount "36"]
[EventDate "2009.??.??"]

1. Nf3 Nf6 2. d4 g6 3. c4 Bg7 4. Nc3 d5 5. e3 O-O 6. Qb3 c6 7. cxd5 Nxd5 8.
Nxd5 cxd5 9. Bd2 Nc6 10. Bc3 Re8 11. Be2 e6 12. O-O Rb8 13. Bb5 Bd7 14. Rac1
Qb6 15. Qa4 a6 16. Bxc6 Bxc6 17. Qa5 Qxa5 18. Bxa5 Rbc8 1/2-1/2

[Event "Stuttgarter Stadtmeisterschaft B-Turnier"]
[Site "Ditzingen"]
[Date "2009.05.21"]
[Round "3.13"]
[White "Jantos, Stefan"]
[Black "Yildiz, Serkan"]
[Result "1/2-1/2"]
[WhiteElo "1840"]
[BlackElo "1707"]
[PlyCount "79"]
[EventDate "2009.??.??"]

1. e4 e6 2. d4 d5 3. e5 c5 4. dxc5 Bxc5 5. Qg4 g6 6. Bd3 Nc6 7. Nf3 Bd7 8. O-O
Qb6 9. Nbd2 O-O-O 10. Nb3 f5 11. Qh4 Be7 12. Bg5 h6 13. Bxe7 Ngxe7 14. Qf4 g5
15. Qe3 Qxe3 16. fxe3 Ng6 17. g4 Rhf8 18. gxf5 exf5 19. e6 Bxe6 20. Nfd4 Nxd4
21. Nxd4 Kd7 22. Nxf5 Rh8 23. Bb5+ Kc8 24. Nd4 Bd7 25. Rf6 Ne5 26. Bxd7+ Nxd7
27. Rf5 Nb6 28. b3 Rde8 29. Re1 Re4 30. Nb5 Rg4+ 31. Kf2 a6 32. Nc3 Rh4 33. Kg3
Rd8 34. Rd1 d4 35. Rc5+ Kb8 36. exd4 Rdxd4 37. Rxd4 Rxd4 38. Ne2 Rd2 39. Ng1
Nd7 40. Rc4 1/2-1/2

[Event "Stuttgarter Stadtmeisterschaft B-Turnier"]
[Site "Ditzingen"]
[Date "2009.05.21"]
[Round "3.14"]
[White "Srokovskiy, Andrea"]
[Black "Knolmayer, Volker"]
[Result "0-1"]
[WhiteElo "1809"]
[BlackElo "1700"]
[PlyCount "66"]
[EventDate "2009.??.??"]

1. e4 d5 2. exd5 Qxd5 3. Nc3 Qd8 4. Nf3 Nf6 5. d4 e6 6. Be3 Nc6 7. Bd3 h6 8.
Qd2 a6 9. O-O Bd6 10. h3 Nd5 11. Nxd5 exd5 12. Rfe1 O-O 13. Bxh6 Nb4 14. Bg5 f6
15. Be3 Nxd3 16. Qxd3 Qd7 17. Qg6 Qf7 18. Qxf7+ Kxf7 19. Bd2 Bf5 20. c3 Rh8 21.
Re2 Rh7 22. Rae1 Rah8 23. a3 Be4 24. Nh2 Bf5 25. Nf3 Bd7 26. Re3 Rh5 27. Nh2 g5
28. Nf1 f5 29. Ng3 f4 30. Rf3 R5h7 31. Nf1 Bg4 32. Rd3 Bf5 33. Rf3 Be4 0-1

[Event "Stuttgarter Stadtmeisterschaft B-Turnier"]
[Site "Ditzingen"]
[Date "2009.05.21"]
[Round "3.15"]
[White "Mainik, Philipp"]
[Black "Ostertag, Stephan"]
[Result "0-1"]
[WhiteElo "1706"]
[BlackElo "1795"]
[PlyCount "98"]
[EventDate "2009.??.??"]

1. e4 d6 2. d4 Nf6 3. Nc3 g6 4. Nf3 Bg7 5. Be2 O-O 6. O-O c6 7. Bg5 Qc7 8. Qc1
b5 9. Bd3 Bb7 10. Re1 e5 11. dxe5 dxe5 12. Bh6 a6 13. Ne2 c5 14. Ng3 Nc6 15.
Bxg7 Kxg7 16. Nf5+ Kh8 17. Qg5 Nh5 18. Qh6 f6 19. N3h4 Nf4 20. g3 Rg8 21. Ne3
Nxd3 22. Nd5 Qd6 23. cxd3 Nd4 24. Ne3 Qe6 25. Red1 Rac8 26. b3 Rc7 27. Rab1 a5
28. Rb2 b4 29. Rc1 Ba6 30. Nd5 Rcc8 31. Qe3 Bb7 32. f4 Bxd5 33. exd5 Qxd5 34.
Qe4 Qxe4 35. dxe4 exf4 36. gxf4 Rge8 37. Kf2 Rxe4 38. Ng2 Ne6 39. Re2 Rxe2+ 40.
Kxe2 Kg7 41. Ne3 Nxf4+ 42. Kf3 Nd3 43. Rd1 Ne5+ 44. Ke4 c4 45. Nxc4 Nxc4 46.
Rd7+ Kh6 47. bxc4 Rxc4+ 48. Kd3 Rc5 49. Ra7 Rc3+ 0-1

[Event "Stuttgarter Stadtmeisterschaft B-Turnier"]
[Site "Ditzingen"]
[Date "2009.05.21"]
[Round "3.17"]
[White "Hegel, Pius"]
[Black "Schnorr, Elke"]
[Result "1-0"]
[WhiteElo "1526"]
[BlackElo "1765"]
[PlyCount "65"]
[EventDate "2009.??.??"]

1. Nf3 e6 2. b3 Nf6 3. Bb2 Be7 4. e3 d5 5. Ne5 Nbd7 6. c4 c6 7. Be2 O-O 8. O-O
Qc7 9. f4 dxc4 10. Bxc4 Rd8 11. Qf3 Nc5 12. d4 Nce4 13. Bd3 Nd6 14. Nc3 Bd7 15.
Rac1 Rac8 16. Ne2 Qa5 17. Bb1 c5 18. dxc5 Rxc5 19. Rxc5 Qxc5 20. Bd4 Qc7 21.
Rc1 Qb8 22. Qh3 Nde4 23. Ng3 Nxg3 24. hxg3 h6 25. g4 Rc8 26. Rd1 Kf8 27. g5 Bc6
28. gxf6 Bxf6 29. Nxc6 Rxc6 30. Bxf6 gxf6 31. Qxh6+ Ke7 32. Qh7 f5 33. Qh4+ 1-0

[Event "Stuttgarter Stadtmeisterschaft B-Turnier"]
[Site "Ditzingen"]
[Date "2009.05.21"]
[Round "3.18"]
[White "Schäfer-Siebert, Heiko"]
[Black "Hahn, Lilli"]
[Result "1-0"]
[WhiteElo "1899"]
[BlackElo "1697"]
[PlyCount "51"]
[EventDate "2009.??.??"]

1. e4 d5 2. exd5 Nf6 3. c4 c6 4. dxc6 Nxc6 5. Nc3 e5 6. d3 Bf5 7. Be3 Qd7 8.
Qd2 O-O-O 9. O-O-O Bb4 10. f4 Rhe8 11. Be2 Ng4 12. h3 exf4 13. Bxa7 Nxa7 14.
Bxg4 Bxg4 15. hxg4 Qxg4 16. Rxh7 Bc5 17. Kb1 Be3 18. Qc2 Qg6 19. Rh3 Qf5 20.
Nd5 Bxg1 21. Rxg1 g5 22. Rf3 Nc6 23. Qa4 Nd4 24. Qa8+ Kd7 25. Qxb7+ Kd6 26.
Qc7+ 1-0

[Event "Stuttgarter Stadtmeisterschaft B-Turnier"]
[Site "Ditzingen"]
[Date "2009.05.21"]
[Round "3.19"]
[White "Philippin, Otto"]
[Black "Rieder, Josef"]
[Result "0-1"]
[WhiteElo "1697"]
[BlackElo "1879"]
[PlyCount "130"]
[EventDate "2009.??.??"]

1. f4 d5 2. Nf3 c5 3. e3 Nc6 4. Bb5 Bd7 5. b3 Nf6 6. Bb2 e6 7. c4 Be7 8. Qc2 a6
9. Bxc6 Bxc6 10. Ne5 Qc7 11. O-O O-O 12. Nc3 Rad8 13. Nd1 b5 14. Nf2 bxc4 15.
bxc4 dxc4 16. Nxc4 Bb5 17. Rfc1 Qd7 18. d3 Ne8 19. Ne5 Qb7 20. a4 Bd7 21. Bc3
f6 22. Nc4 Nd6 23. Rcb1 Qa7 24. Ba5 Rc8 25. Bb6 Qa8 26. Nxd6 Bxd6 27. Ne4 Be7
28. Rc1 c4 29. Nd2 cxd3 30. Qxd3 Rxc1+ 31. Rxc1 Bxa4 32. e4 Qb7 33. Qd4 Bc6 34.
f5 Qd7 35. Qc4 Bb5 36. Qxe6+ Qxe6 37. fxe6 Re8 38. Kf2 Bb4 39. Be3 Rxe6 40. Kf3
Bd3 41. Rc8+ Kf7 42. Rd8 Bc2 43. Rd4 a5 44. Nc4 Bc3 45. Nd6+ Kg6 46. Rc4 Bd1+
47. Kf2 Bb4 48. Nf5 Bg4 49. Nh4+ Kf7 50. h3 Bd1 51. Nf5 Ra6 52. Rc7+ Ke8 53.
Nxg7+ Kd8 54. Bf4 Ba4 55. Rb7 Bd7 56. Nf5 Ra8 57. g4 Bc5+ 58. Kf3 a4 59. Nd6 a3
60. Rb1 a2 61. Nb7+ Ke8 62. Rc1 Ra3+ 63. Kg2 Bb4 64. Bd6 Bxd6 65. Nxd6+ Ke7 0-1

[Event "Stuttgarter Stadtmeisterschaft B-Turnier"]
[Site "Ditzingen"]
[Date "2009.05.21"]
[Round "3.20"]
[White "Roß, Torsten"]
[Black "Penzkofer, Ralf"]
[Result "0-1"]
[WhiteElo "1876"]
[BlackElo "1662"]
[PlyCount "108"]
[EventDate "2009.??.??"]

1. e4 e6 2. d4 d5 3. e5 c5 4. c3 Qb6 5. Nf3 Nc6 6. a3 c4 7. Be2 Bd7 8. O-O Na5
9. Nbd2 Nb3 10. Nxb3 Ba4 11. Nfd2 O-O-O 12. Qe1 cxb3 13. Nf3 Ne7 14. Bd3 Kb8
15. Qe2 h6 16. Bd2 g5 17. h3 Bg7 18. Rfc1 f6 19. exf6 Bxf6 20. Ne5 Bxe5 21.
Qxe5+ Ka8 22. Re1 Bd7 23. Rf1 Rde8 24. f4 Nc6 25. Qe3 gxf4 26. Rxf4 e5 27. dxe5
Qxe3+ 28. Bxe3 Nxe5 29. Bf1 Rhg8 30. Kh2 a5 31. Bd4 b5 32. Rf6 Nc4 33. Bxc4
bxc4 34. Raf1 Re2 35. R1f2 Rge8 36. Kg3 Rc2 37. Rf8 Rxf8 38. Rxf8+ Be8 39. Rf2
Rc1 40. Rf8 Rc2 41. Rxe8+ Kb7 42. Re1 Rxb2 43. Kh4 Kc6 44. Re6+ Kb5 45. Rb6+
Ka4 46. Bc5 Rc2 47. Rxh6 Rxg2 48. Rb6 Rc2 49. Kg4 Rxc3 50. h4 Rc1 51. Bd4 Kxa3
52. h5 c3 53. h6 c2 54. Be3 Rh1 0-1

[Event "Stuttgarter Stadtmeisterschaft B-Turnier"]
[Site "Ditzingen"]
[Date "2009.05.21"]
[Round "3.21"]
[White "Rühl, Volker"]
[Black "Werner, Stefan"]
[Result "0-1"]
[WhiteElo "1873"]
[BlackElo "1695"]
[PlyCount "56"]
[EventDate "2009.??.??"]

1. e4 e5 2. Nf3 Nc6 3. d4 exd4 4. Nxd4 Bc5 5. Be3 Qf6 6. c3 Nge7 7. f4 d6 8.
Bb5 Bd7 9. O-O a6 10. Ba4 O-O-O 11. b4 Bxd4 12. Bxd4 Nxd4 13. Bxd7+ Rxd7 14.
cxd4 Nc6 15. e5 dxe5 16. fxe5 Qe6 17. Nc3 Rxd4 18. Qf3 Nxe5 19. Qe3 Rhd8 20.
Rae1 f6 21. a3 Rd3 22. Qc1 Qb3 23. Ne4 Qxa3 24. Qc5 b6 25. Qe7 R3d7 26. Qe6
Qxb4 27. Rc1 Qxe4 28. Qxb6 Qd4+ 0-1